[Event "EU-Cup 39th"]
[Site "Vrnjacka Banja"]
[Date "2024.10.20"]
[Round "1.4"]
[White "Domingo Nunez, Ruben"]
[Black "Stegert, Jonas"]
[Result "1-0"]
[WhiteElo "2390"]
[BlackElo "1958"]
[PlyCount "137"]
[EventDate "2024.10.20"]
[EventType "team-swiss"]
[EventRounds "7"]
[EventCountry "SRB"]
[SourceTitle "CB44_2024"]
[Source "Chessbase"]
[SourceDate "2024.10.30"]
[SourceVersion "1"]
[SourceVersionDate "2024.10.30"]
[SourceQuality "1"]
[WhiteTeam "Silla Valencia"]
[BlackTeam "Kiel Doppelbauer"]
[WhiteTeamCountry "ESP"]
[BlackTeamCountry "GER"]

1. e4 c6 2. Nf3 d5 3. Nc3 dxe4 4. Nxe4 Nf6 5. Ng3 Bg4 6. h3 Bxf3 7. Qxf3 e6 8. Be2 Qd5 9. Qc3 Ne4 10. Qe3 Nxg3 11. Qxg3 Nd7 12. b4 Bd6 13. Qf3 Bxb4 14. Rb1 Ba5 15. Rxb7 Bb6 16. Bb2 Qxf3 17. Bxf3 Rc8 18. Ba3 Ne5 19. Bh5 g6 20. Be2 Nd7 21. Bd6 Kd8 22. Bf3 Re8 23. 0-0 e5 24. a4 Re6 25. Bb4 Ke8 26. Bg4 f5 27. Be2 Rc7 28. Rxc7 Bxc7 29. Bc4 Rf6 30. a5 Bd6 31. Bc3 Rf8 32. Rb1 Nc5 33. f3 Kd7 34. d4 exd4 35. Bxd4 Kc7 36. Kf2 Rd8 37. Be3 Nd7 38. Rd1 Nc5 39. Be2 Nb7 40. Bxa7 Nxa5 41. Rb1 Kd7 42. Bd4 Rb8 43. Rd1 Nb7 44. g4 f4 45. h4 Ke7 46. Rb1 Nd8 47. Ra1 Rb7 48. g5 Ne6 49. Bf6+ Kd7 50. Bc4 Nf8 51. Rd1 Kc7 52. Bg7 Rb8 53. Bg8 Rd8 54. Kf1 Re8 55. Bf7 Rb8 56. Ra1 Rb7 57. Bg8 Kb8 58. Bf6 Nd7 59. Bd4 Be5 60. Rd1 Bxd4 61. Rxd4 Ne5 62. Rxf4 Rg7 63. Bb3 Kc7 64. Rf6 Kd7 65. Kg2 Re7 66. Kg3 Kc7 67. Rf8 c5 68. Bd5 Kd6 69. c4 1-0

[Event "Kiel op 36th"]
[Site "Kiel"]
[Date "2024.07.31"]
[Round "7"]
[White "Stegert, Jonas"]
[Black "Muzika, Paul"]
[Result "1-0"]
[WhiteElo "1952"]
[BlackElo "2070"]
[PlyCount "53"]
[EventDate "2024.07.27"]
[EventType "swiss"]
[EventRounds "9"]
[EventCountry "GER"]
[SourceTitle "EXT 2025"]
[Source "ChessBase"]
[SourceDate "2024.10.14"]
[SourceVersion "1"]
[SourceVersionDate "2024.10.14"]
[SourceQuality "1"]

1. d4 d5 2. c4 e6 3. Nf3 Nf6 4. g3 Be7 5. Bg2 0-0 6. 0-0 dxc4 7. Qc2 b5 8. a4 b4 9. Ne5 Qxd4 10. Bxa8 Qxe5 11. Bf4 Qh5 12. Bf3 Ng4 13. Bxg4 Qxg4 14. Qxc4 e5 15. Qxc7 exf4 16. Qxe7 fxg3 17. Nd2 gxf2+ 18. Kxf2 Qd4+ 19. Qe3 Qxb2 20. Qf4 Nc6 21. Nc4 Qc2 22. Ne3 Qc5 23. Rac1 Qb6 24. Ke1 Be6 25. Nf5 Bxf5 26. Qxf5 Nd4 27. Qxf7+ 1-0

[Event "GER-ch U25 op-A"]
[Site "Willingen"]
[Date "2024.05.25"]
[Round "9"]
[White "Brockhoff, Moritz"]
[Black "Stegert, Jonas"]
[Result "0-1"]
[WhiteElo "2013"]
[BlackElo "1927"]
[PlyCount "40"]
[EventDate "2024.05.19"]
[EventType "swiss"]
[EventRounds "9"]
[EventCountry "GER"]
[SourceTitle "EXT 2025"]
[Source "ChessBase"]
[SourceDate "2024.10.14"]
[SourceVersion "1"]
[SourceVersionDate "2024.10.14"]
[SourceQuality "1"]

1. e4 c5 2. b4 cxb4 3. a3 bxa3 4. d4 e6 5. Bxa3 Bxa3 6. Nxa3 Ne7 7. Bd3 0-0 8. Nf3 b6 9. Nb5 Ba6 10. e5 Bxb5 11. Bxh7+ Kxh7 12. Ng5+ Kg6 13. Qg4 f5 14. exf6 Kxf6 15. Ne4+ Kf7 16. Qh5+ Kg8 17. Ra3 Rf5 18. Qh4 Nec6 19. Qg4 Qe7 20. Rg3 Nxd4 0-1

[Event "GER-ch U25 op-A"]
[Site "Willingen"]
[Date "2024.05.24"]
[Round "8"]
[White "Stegert, Jonas"]
[Black "Paeslack, Luis"]
[Result "0-1"]
[WhiteElo "1927"]
[BlackElo "2003"]
[PlyCount "56"]
[EventDate "2024.05.19"]
[EventType "swiss"]
[EventRounds "9"]
[EventCountry "GER"]
[SourceTitle "EXT 2025"]
[Source "ChessBase"]
[SourceDate "2024.10.14"]
[SourceVersion "1"]
[SourceVersionDate "2024.10.14"]
[SourceQuality "1"]

1. d4 d5 2. c4 e6 3. Nf3 Nf6 4. g3 Bb4+ 5. Bd2 Be7 6. Bg2 c6 7. 0-0 0-0 8. Qc2 Nbd7 9. Rd1 b6 10. cxd5 cxd5 11. Nc3 Bb7 12. Rac1 Rc8 13. Qb3 Ne8 14. Na4 Rxc1 15. Rxc1 Ba6 16. Bf1 Nd6 17. Nc3 Nc4 18. Nb5 e5 19. dxe5 Nc5 20. Qb4 Nd3 21. Qa4 Nxd2 22. Nxd2 Bxb5 23. Qxb5 Nxc1 24. a3 Qc8 25. Qxd5 Rd8 26. Qc4 Qxc4 27. Nxc4 b5 28. Na5 Rd2 0-1

[Event "GER-ch U25 op-A"]
[Site "Willingen"]
[Date "2024.05.19"]
[Round "1"]
[White "Brandl, Lea Maria"]
[Black "Stegert, Jonas"]
[Result "0-1"]
[WhiteElo "1920"]
[BlackElo "1927"]
[PlyCount "126"]
[EventDate "2024.05.19"]
[EventType "swiss"]
[EventRounds "9"]
[EventCountry "GER"]
[SourceTitle "EXT 2025"]
[Source "ChessBase"]
[SourceDate "2024.10.14"]
[SourceVersion "1"]
[SourceVersionDate "2024.10.14"]
[SourceQuality "1"]

1. d4 d5 2. c4 c6 3. Nf3 Nf6 4. Nc3 dxc4 5. a4 Bf5 6. e3 e6 7. Bxc4 Bb4 8. 0-0 0-0 9. Qe2 h6 10. e4 Bh7 11. e5 Nd5 12. Ne4 Nd7 13. Bd2 Bxd2 14. Nfxd2 Qb6 15. Nb3 Qb4 16. Nbc5 Nxc5 17. Nxc5 Nf4 18. Qg4 Qxc4 19. Qxf4 Rfd8 20. Nxb7 Rxd4 21. Qc1 Qd5 22. Qc5 Be4 23. Qxd5 Bxd5 24. Nc5 Rc4 25. Rac1 Rb8 26. b3 Rxc1 27. Rxc1 Rb4 28. Rc3 Rd4 29. Kf1 Rd2 30. Ke1 Rb2 31. g3 Kh7 32. h3 Kg6 33. f4 h5 34. Rd3 Rh2 35. h4 Rb2 36. Rd2 Rb1+ 37. Rd1 Rxd1+ 38. Kxd1 Kf5 39. Ke2 Kg4 40. Kf2 a5 41. Nb7 Bxb3 42. Nxa5 Bxa4 43. Nb7 Bb3 44. Nc5 Bd5 45. Nd7 Bh1 46. Nc5 Kf5 47. Ke3 Bg2 48. Kf2 Bd5 49. Ke3 f6 50. exf6 gxf6 51. Nd3 e5 52. fxe5 fxe5 53. Nc5 Kg4 54. Kf2 e4 55. Nd7 e3+ 56. Kxe3 Kxg3 57. Nc5 Kxh4 58. Kf2 Kg4 59. Nd3 h4 60. Ne5+ Kf5 61. Nd7 Kf4 62. Nf6 Bf3 63. Kg1 Kg3 0-1

[Event "Itzehoe op 3rd"]
[Site "Itzehoe"]
[Date "2024.05.12"]
[Round "7"]
[White "Pirtac, Alexandru"]
[Black "Stegert, Jonas"]
[Result "1-0"]
[WhiteElo "1929"]
[BlackElo "1927"]
[PlyCount "107"]
[EventDate "2024.05.09"]
[EventType "swiss"]
[EventRounds "7"]
[EventCountry "GER"]
[SourceTitle "CBM 220 Extra"]
[Source "ChessBase"]
[SourceDate "2024.07.31"]
[SourceVersion "1"]
[SourceVersionDate "2024.07.31"]
[SourceQuality "1"]

1. e4 c6 2. d4 d5 3. Nc3 dxe4 4. Nxe4 Bf5 5. Ng3 Bg6 6. Nh3 h6 7. Nf4 Bh7 8. Bc4 e6 9. Bxe6 fxe6 10. Nxe6 Qe7 11. 0-0 Qxe6 12. Re1 Qxe1+ 13. Qxe1+ Kf7 14. Bf4 Nf6 15. Qe3 Nd5 16. Qf3 Kg8 17. c4 Nxf4 18. Qxf4 Na6 19. Re1 Bg6 20. Qg4 Bf7 21. f4 Rd8 22. h4 Rxd4 23. Ne4 Rxe4 24. Rxe4 Nc5 25. Rd4 h5 26. Qf5 Rh6 27. Rd8 Ne6 28. Rd7 Rf6 29. Rxf7 Rxf5 30. Rxf5 Be7 31. g3 g6 32. Re5 Kf7 33. f5 gxf5 34. Rxf5+ Bf6 35. Rxh5 Bxb2 36. g4 Ng7 37. Rh7 Bc1 38. g5 Kg6 39. Rh8 Nf5 40. Kg2 Ne3+ 41. Kg3 Nxc4 42. Rf8 Bb2 43. Kg4 Ne3+ 44. Kf3 Nd5 45. Kg4 Kg7 46. Rb8 b5 47. Rb7+ Kg8 48. h5 b4 49. h6 Bc1 50. Kf5 a5 51. h7+ Kh8 52. Kg6 Nf4+ 53. Kh6 Ne6 54. Rb8+ 1-0

[Event "Itzehoe op 3rd"]
[Site "Itzehoe"]
[Date "2024.05.10"]
[Round "3"]
[White "Kuegel, Tobias"]
[Black "Stegert, Jonas"]
[Result "1-0"]
[WhiteElo "2424"]
[BlackElo "1927"]
[PlyCount "105"]
[EventDate "2024.05.09"]
[EventType "swiss"]
[EventRounds "7"]
[EventCountry "GER"]
[SourceTitle "CBM 220 Extra"]
[Source "ChessBase"]
[SourceDate "2024.07.31"]
[SourceVersion "1"]
[SourceVersionDate "2024.07.31"]
[SourceQuality "1"]

1. e4 e5 2. Nf3 Nc6 3. Bb5 a6 4. Bxc6 dxc6 5. 0-0 Bg4 6. h3 h5 7. d3 Qf6 8. Nbd2 Ne7 9. Re1 Ng6 10. d4 Nf4 11. dxe5 Qg6 12. Nh4 Bxd1 13. Nxg6 Nxg6 14. Rxd1 0-0-0 15. Rf1 Nxe5 16. f4 Nd7 17. Kf2 f6 18. Nb3 Nc5 19. Nxc5 Bxc5+ 20. Kf3 Rd7 21. Be3 Bxe3 22. Kxe3 Rhd8 23. Rae1 Rd2 24. Re2 Rd1 25. Ree1 R1d2 26. Re2 Rd1 27. Rfe1 c5 28. e5 Rxe1 29. Rxe1 fxe5 30. fxe5 Rd5 31. Kf3 Kd7 32. Re2 g5 33. h4 gxh4 34. Kf4 Ke6 35. Kg5 h3 36. gxh3 c4 37. Kxh5 c3 38. bxc3 Ra5 39. Kg4 Rxa2 40. h4 Ra1 41. h5 a5 42. Rh2 Rg1+ 43. Kf4 Rf1+ 44. Ke4 a4 45. h6 Rf8 46. h7 Rh8 47. Rh6+ Kf7 48. Kf5 a3 49. e6+ Kg7 50. Rh1 a2 51. Rg1+ Kf8 52. Kg6 b5 53. Ra1 1-0